Letters of H . L . Mencken /
সংরক্ষণ করুন:
| প্রধান লেখক: | |
|---|---|
| বিন্যাস: | Sách giấy |
| ভাষা: | English |
| প্রকাশিত: |
New York :
Alfred.A.Knopf,
1961.
|
| ট্যাগগুলো: |
ট্যাগ যুক্ত করুন
কোনো ট্যাগ নেই, প্রথমজন হিসাবে ট্যাগ করুন!
|
| Thư viện lưu trữ: | Thư viện Trường Đại học Đà Lạt |
|---|
| LEADER | 00611nam a2200265 4500 | ||
|---|---|---|---|
| 001 | DLU100106199 | ||
| 005 | ##20100412 | ||
| 040 | # | # | |a DLU |b vie |
| 041 | # | # | |a eng |
| 044 | # | # | |a us |
| 082 | # | # | |a 816 |b ME-H |
| 100 | # | # | |a Mencken, H. L. |
| 245 | # | # | |a Letters of H . L . Mencken / |c H. L. Mencken. |
| 260 | # | # | |a New York : |b Alfred.A.Knopf, |c 1961. |
| 300 | # | # | |a xxxviii, 506, xxii p. ; |c 23 cm. |
| 923 | # | # | |a 100/2010 |
| 992 | # | # | |a 0 |
| 994 | # | # | |a DLU |
| 900 | # | # | |a True |
| 911 | # | # | |a Lý Thị Hồng Hạnh |
| 925 | # | # | |a G |
| 926 | # | # | |a A |
| 927 | # | # | |a SH |
| 980 | # | # | |a Thư viện Trường Đại học Đà Lạt |